The shorter poems of William Wordsworth

Gorde:
Xehetasun bibliografikoak
Egile nagusia: Wordsworth, William (Egilea)
Formatua: Liburua
Hizkuntza:ingelesa
Argitaratua: Londres J. M. Dent & Sons 1917
Edizioa:5a. ed
Gaiak:
Etiketak: Etiketa erantsi
Etiketarik gabe, Izan zaitez lehena erregistro honi etiketa jartzen!

MARC

LEADER 00000nam a2200000 a 4500
001 UCJ6450
003 CL-VaPUC
008 070124e19170000UK |||||||||||||||||eng|d
082 0 4 |a 821  |b WOR  |2 21 
100 0 |a Wordsworth, William  |e author  |9 489988 
245 1 4 |a The shorter poems of William Wordsworth 
250 |a 5a. ed 
300 |a xxxiv, 696 p 
942 |c BK 
945 |d 20070124 00:00:00  |a rinostro 
260 |a Londres  |b J. M. Dent & Sons  |c 1917 
650 0 |a Poesía inglesa   |9 264944 
650 0 |a Crítica literaria   |9 269189 
583 |a last modification  |c 20070124 00:00:00  |k Rodrigo Vera 
999 |c 322553  |d 322551 
952 |0 0  |1 0  |4 0  |6 821_000000000000000_WOR_1917  |7 0  |8 X  |9 401563  |a FDOBUD  |b FDOBUD  |d 2019-11-22  |i 1047973  |o 821 WOR 1917  |p 1047973  |r 2019-11-22  |w 2019-11-22  |y BK_X  |k BUD